Leader xxxxxxxxxx
001 __ 86022851
005 __ 19941110162935.0
008 __ chi
010 0_ |a957-558-410-4|b平裝|d新臺幣120元
100 __ |a19940517d1992 cd y0chiy0109 e.
101 1_ |achi |ceng.
102 __ |acw.
105 __ |aa z 000ay.
200 1_ |a羅密歐與茱麗葉|e|f莎士比亞原著|g黃麗儒改寫|g姜春年圖.
205 __ |a
210 __ |a臺南市|c大千文化|d民81.
215 0_ |a253面|c圖|d22公分.
225 2_ |a世界文學注音版全集|v30.
260 1_ |a1992.
300 __ |a
302 __ |a國語注音.
606 __ |2csh|a西洋小說.
681 __ |a859.6|b4607|y81 v.30|v增訂七版.
700 _1 |a莎士比亞|b|c(Shakespeare, Willian 1564-1616)|4原著.
702 _1 |a黃|b麗儒|4改寫.
702 _1 |a姜|b春年|4圖.
|